Piłkarze ŁKS Łódź - nagła śmierć - Statystyki

Ogólne statystyki
  • Ten quiz został rozwiązany 39 razy
  • Średni wynik to 6 z 20
Answers on the Grid
Answers color-coded by a green-red scale on the quiz's grid according to % correct below.
Paweł Stolarski
Serhij Krykun
Patryk Lipski
Patryk Sokołowski
Dani Ramírez
Michał Chrapek
Łukasz Gikiewicz
Piotr Pyrdoł
Patryk Kun
Maksymilian Sitek
Rafal Pietrzak
Jan Grzesik
Maciej Wolski
Paweł Kieszek
Kazimierz Deyna
Stjepan Lončar
Luka Zahović
Mateusz Skrzypczak
Artur Bogusz
Alan Uryga
Arkadiusz Malarz
Paweł Brożek
Martin Chudy
Paweł Golański
Mateusz Cichocki
Piotr Malarczyk
Marek Kozioł
Kamil Drygas
Adrian Purzycki
Piotr Brożek
Sebastian Mila
Sebastian Rudol
Darko Jevtić
Marcin Flis
Tomasz Jodłowiec
Adam Dźwigała
Łukasz Sekulski
Karol Fila
Fabian Piasecki
Josué
 
Statystyki odpowiedzi
Odpowiedź % Poprawnych
Serhij Krykun
74%
Dani Ramírez
70%
Piotr Pyrdoł
57%
Fabian Piasecki
43%
Jan Grzesik
43%
Maksymilian Sitek
43%
Maciej Wolski
39%
Marcin Flis
39%
Arkadiusz Malarz
35%
Łukasz Sekulski
35%
Sebastian Rudol
35%
Kazimierz Deyna
26%
Łukasz Gikiewicz
26%
Marek Kozioł
26%
Artur Bogusz
17%
Sebastian Mila
13%
Paweł Golański
9%
Tomasz Jodłowiec
9%
Paweł Brożek
4%
Piotr Brożek
4%
Nie znaleziono quizów pasujących do podanych kryteriów
Rozkład punktacji
Procent ludzi z każdym wynikiem
Percentyl według liczby udzielonych odpowiedzi
Twoja historia wyników
Nie rozwiązałeś tego quizu